| 000 | 00687nam a2200217 i 4500 | ||
|---|---|---|---|
| 001 | bg | ||
| 245 | 0 | 0 |
_aGiełdy towarowe : _bwybrana problematyka rozwoju i funkcjonowania / _cred. merytor. Franciszek Budzyński. |
| 260 |
_aWarszawa : _bWydaw. SGGW, _c1999. |
||
| 300 |
_a216 s. ; _c24 cm. |
||
| 504 | _aBibliogr. przy pracach. | ||
| 650 | 9 | _aGiełda towarowa | |
| 700 | 1 |
_aBudzyński, Franciszek _d(?-2002). _eRed. |
|
| 020 | _a8372440980 | ||
| 040 | _cBPK | ||
| 041 | 0 | _apl | |
| 080 | _a339.172:336.764/.768 | ||
| 920 | _a83-7244-098-0 | ||
| 942 | _cKS | ||
| 008 | s pl f |000 0 pol | ||
| 999 |
_c39908 _d39908 |
||
| 856 |
_uhttp://koha.tu.koszalin.pl/cgi-bin/koha/opac-detail.pl?biblionumber=39908 _yKatalog online BPK |
||